| 000 | 02425cam a22004574i 4500 | ||
|---|---|---|---|
| 003 | PE-LiUPU | ||
| 005 | 20250731173112.0 | ||
| 008 | 181231s2018 tnua r 001 0 eng d | ||
| 020 | _a1426799969 | ||
| 020 | _a9781426799969 | ||
| 035 | _a(Sirsi) a251232 | ||
| 040 |
_aPE-LiUPU _bspa _cPE-LiUPU _erda |
||
| 049 | _aPRUA | ||
| 082 | 0 | 4 |
_a222.107 _bS29 _223 |
| 100 | 1 |
_aSchlimm, Matthew Richard., _eautor. |
|
| 245 | 1 | 0 |
_a70 Hebrew words every Christian should know / _cMatthew Richard Schlimm. |
| 264 | 1 |
_aNashville : _bAbingdon Press, _c[2018]. |
|
| 300 |
_axvii, 202 páginas : _bilustraciones ; _c23 centímetros. |
||
| 336 |
_atext _2rdacontent |
||
| 337 |
_aunmediated _2rdamedia |
||
| 338 |
_avolume _2rdacarrier |
||
| 504 | _aÍndice: páginas 199-202. | ||
| 505 | 0 | _aLosing Hebrew sounds -- Genesis 2-4 -- Babbling at Babel -- The Parable of the vineyard -- The horror of a fruit basket? -- A famous benediction -- Conclusion -- Losing Hebrew meaning -- Adam and Eve -- Other names -- Amen -- Hallelujah -- Sabbath -- Satan -- Conclusion -- Words we lack in English -- Create -- Heart -- Soul -- Name above all names -- Sheol -- Ban -- Conclusion -- Missing multiple meanings -- Hear and obey -- Evil and disaster -- Justice and judgment -- Breath, wind, spirit -- Hoping and waiting -- Law and Instruction -- Conclusion -- Visualizing the abstract -- Vanity --Transgress -- Keeping the law -- Sin and forgiveness -- Repent -- Bless -- Conclusion -- Blinded by the past -- Behold -- Woe, alas -- Atone -- Deliver -- Redeem -- Host -- Conclusion -- Practices and objects -- Remember -- Covenant -- Walk -- Horses -- Gates -- Houses -- Conclusion -- Cultural values -- Shalom -- Love -- Cleanliness -- Holiness -- Glory -- Wisdom -- Fear. | |
| 526 | _aSEG42 | ||
| 526 | _aSEG41 | ||
| 526 | _aSEG40 | ||
| 526 | _aSEG39 | ||
| 526 | _aP94 | ||
| 526 | _aP87 | ||
| 526 | _aP86 | ||
| 526 | _aP85 | ||
| 526 | _aP77 | ||
| 526 | _aP76 | ||
| 526 | _aP35 | ||
| 650 | 0 |
_aLengua hebrea _xEstudio y enseñanza. |
|
| 910 |
_adbm _brri _crri _d20181231 |
||
| 596 | _a1 | ||
| 942 |
_2ddc _cBOOK |
||
| 999 |
_a222.107 S29 _wDEWEY _c30658 _i79401 _f2021-11-9 _g4 _lCCODEBUL1 _mBUL _p11.99 _r0 _sY _tBOOK _u2018-12-31 _xTEOLOGIA _PP85 _0COMPRA _1FCOMPR2 _o.STAFF. Colección Teología _d30658 |
||
| 980 |
_81 _gALBERTO SANCHEZ Responsable de Automatización |
||